When It's Reasonable to say no (Record no. 84774)

MARC details
000 -LEADER
fixed length control field 00681cab a22001935a 4500
001 - CONTROL NUMBER
control field L159019
008 - FIXED-LENGTH DATA ELEMENTS--GENERAL INFORMATION
fixed length control field 151209e20151411xxk 000 0 eng d
035 ## - SYSTEM CONTROL NUMBER
System control number (Sirsi) u159019
041 0# - LANGUAGE CODE
Language code of text/sound track or separate title eng
100 1# - MAIN ENTRY--PERSONAL NAME
Personal name Ross, Andrew
245 00 - TITLE STATEMENT
Title When It's Reasonable to say no
260 ## - PUBLICATION, DISTRIBUTION, ETC.
Date of publication, distribution, etc. 2015
490 ## - SERIES STATEMENT
Series statement Estates Gazette
Volume/sequential designation (1545) 14 November 2015, 94-95(2)
520 ## - SUMMARY, ETC.
Summary, etc. Explains the duty on landlords contained in Section 19 of the Landlord and Tenant Act 1927 not to withhold consent unreasonably to a tenant's request to assign, underlet, charge or part with possession of premises.
590 ## - LOCAL NOTE (RLIN)
Local note KA
690 ## - LOCAL SUBJECT ADDED ENTRY--TOPICAL TERM (OCLC, RLIN)
Topical term or geographic name as entry element Landlord and tenant
9 (RLIN) 6252
700 1# - ADDED ENTRY--PERSONAL NAME
Personal name Quy, Sarah
942 ## - ADDED ENTRY ELEMENTS (KOHA)
Suppress in OPAC 0
Holdings
Withdrawn status Lost status Source of classification or shelving scheme Damaged status Not for loan Home library Current library Shelving location Date acquired Total Checkouts Full call number Barcode Date last seen Copy number Price effective from Koha item type
    Dewey Decimal Classification     London London Journal article 09/12/2015   L159019 159019-1001 06/08/2019 1 06/08/2019 Journal article